000 00542ntaaa2200193 4500
003 01
005 20251027202243.0
008 0714s1973 ag 01
040 _aAR-BaBN
_bspa
_cAR-BaBN
_eaacr
_dRIC
082 _a268.4000 F92
100 _aFrost, J.M.
_920127
245 _aThe school of the church
250 _a1 ed.
260 _aNew York :
_bFleming H Revell Company,
_cc1911
300 _a193 p
500 _aEl lugar pre-eminente y propósito de la escuela dominical en la iglesia
650 _aescuela dominical
_94648
942 _cBK
999 _c17315
_d17315